| 000 | 00949nam a22002417a 4500 | ||
|---|---|---|---|
| 005 | 20250711154250.0 | ||
| 008 | 250711b |||||||| |||| 00| 0 eng d | ||
| 020 | _a978-81-8315-289-1(hbk) | ||
| 037 | _cTB | ||
| 040 |
_aCRL _cCRL |
||
| 041 | _2hindi | ||
| 084 |
_aQ1:(R) 152Q7 _qCRL |
||
| 100 | _aवेदालंकार, जयदेव | ||
| 245 | _aवैदिक दर्शन | ||
| 250 | _a2 संवर्धित संस्करण | ||
| 260 |
_aदिल्ली, भारत: _bन्यू भारतीय बुक कॉरपोरेशन, _c2017. |
||
| 300 | _a669पृ0 | ||
| 365 |
_b1500.00 _cINR |
||
| 650 | _aदर्शनशास्त्र | ||
| 650 |
_aवैदिक धर्म _9815401 |
||
| 942 |
_2CC _cTB _hQ1:(R) 152Q7 _n0 |
||
| 999 |
_c1433585 _d1433585 |
||